1223 1972 1133 1650 1906 1181 1108 1446 1254 1417 1618 1424 1872 1138 1847 1245 1468 1463 1299 1781 1073 1342 1421 1993 1104 1091 1819 1652 1463 1696 1579 1379 1158 1648 1955 1662 1391 1209 1792 1489 1612 1619 1095 1120 1061 1869 1759 1688 1090 1375 1765 1072 1041 1969 1484 1730 1036 1527 1619 1690 1465 1321 1806 1141 1344 1941 1554 1264 1295 1429 1689 1877 1507 1856 1051 1807 1102 1740 1136 1804 1397 1588 1757 1546 1083 1832 1134 1496 1112 1769 1898 1680 1704 1909 1302 1319 1455 1650 1759 BCNSPRNW ULIB Ver.6.0+V

เปลี่ยนเป็นภาษาไทย

Change to English
 แสดงรายละเอียดบรรณานุกรม
  กลับหน้าหลัก

Brief Record : Get Marc (ISO 2709) : E-mail record : QR code < ปิดหน้าต่าง
LEADER : 00000nam 2200000uu 4500
001    13399121526
003     ULIB
008    121122s2546||||th 000 0 tha d
020    ^a9746443445
060 04 ^aWX167^bข136ม
100 0  ^aขจรศักดิ์ ศิลปโภชากุล
245 10 ^aมาตรการการควบคุมการติดเชื้อที่ไม่จำเป็นและวิธีการลดค่าใช้จ่ายในโรงพยาบาล /^cขจรศักดิ์ ศิลปโภชากุล
246 14 ^aมาตรการการควบคุมการติดเชื้อและวิธีลดค่าใช้จ่ายในโรงพยาบาล
250    ^aพิมพ์ครั้งที่ 1
260    ^a[สงขลา] :^bหน่วยผลิตตำรา คณะแพทยศาสตร์มหาวิทยาลัยสงขลานครินทร์,^c2546
300    ^a55 หน้า ;^c21 ซม.
500    ^aชื่อเรื่องบนปก :มาตรการการควบคุมการติดเชื้อและวิธีลดค่าใช้จ่ายในโรงพยาบาล
650  7 ^aการติดเชื้อ
650  7 ^aโรคติดเชื้อในโรงพยาบาล
710 2  ^aมหาวิทยาลัยสงขลานครินทร์. ^bคณะแพทยศาสตร์
945    ^p60^l0^i15435
995    ^aวิภา
999 ^a ใช้งานได้ทุกระบบ
รายการนี้ยังไม่มีแท็ก
คุณยังไม่ได้ล็อกอิน คุณสามารถมีกิจกรรมร่วมกับเว็บไซต์ได้ แต่ต้องล็อกอินก่อน ::
  ล็อกอิน

รายการสื่อสารสนเทศ

ลำดับที่ ประเภท เลขเรียก/บาร์โค้ด สถานที่ สถานะ
1. วิทยาศาสตร์การแพทย์ และสุขภาพ
วิทยาศาสตร์การแพทย์ และสุขภาพ
WX167 ข136ม  
  Barcode: 15435
ห้องสมุดวิทยาเขตสวรรค์ประชารักษ์
►หนังสือทั่วไป
บนชั้น

รายการใกล้เคียง
    หัวเรื่อง [การติดเชื้อ]
    หัวเรื่อง [โรคติดเชื้อในโรงพยาบาล]

BibComment


ยังไม่เคยถูกคอมเมนท์

คอมเมนท์ทรัพยากรรายการนี้
  คอมเมนท์: มาตรการการควบคุม..


 Copyright 2026. Bcnsprnw @Library